Outline of activities 1962/63 - 1963/64 (Record no. 508225)

MARC details
000 -LEADER
fixed length control field 00640nam a2200229Ia 4500
003 - CONTROL NUMBER IDENTIFIER
control field OSt
005 - DATE AND TIME OF LATEST TRANSACTION
control field 20220925184558.0
008 - FIXED-LENGTH DATA ELEMENTS--GENERAL INFORMATION
fixed length control field 220923b |||||||| |||| 00| 0 eng d
037 ## - SOURCE OF ACQUISITION
Terms of availability General Book
040 ## - CATALOGING SOURCE
Original cataloging agency RTL
Transcribing agency RTL
Language of cataloging eng
041 ## - LANGUAGE CODE
Source of code eng
Language code of text/sound track or separate title eng
110 ## - MAIN ENTRY--CORPORATE NAME
Corporate name or jurisdiction name as entry element Gujrat
9 (RLIN) 230360
245 #0 - TITLE STATEMENT
Title Outline of activities 1962/63 - 1963/64
260 ## - PUBLICATION, DISTRIBUTION, ETC.
Place of publication, distribution, etc. Ahmedabad
Name of publisher, distributor, etc. Government Central Press
Date of publication, distribution, etc. 1963
300 ## - PHYSICAL DESCRIPTION
Extent 171p
Dimensions cm.
700 ## - ADDED ENTRY--PERSONAL NAME
Personal name Gujrat
9 (RLIN) 230361
942 ## - ADDED ENTRY ELEMENTS (KOHA)
Classification part V231:1.N64-N62r, GD K3
Koha item type General Books
Source of classification or shelving scheme Colon Classification (CC)

No items available.

Copyright @ Delhi University Library System